Biggest Cities on the Worlds Most Populous Islands - Statistics

General Stats
  • This quiz has been taken 30 times
  • The average score is 54 of 211
Answers on the Map
Answers color-coded by a green-red scale on the quiz's map according to % correct below.
 
Answer Stats
Island City population Percentage of total island population City % Correct
Long Island 20,100,000 249.31%* New York City (Long Island)*
93%
Manhattan Island 1,631,000 96.32% New York City (Manhattan)*
93%
Staten Island 475,000 95.73% New York City (Staten Island)*
93%
Cuba 2,100,000 20.88% Havana
89%
Singapore Island 5,920,000 98.01% Singapore
89%
Honshū 37,900,000 36.95% Tokyo
89%
Sri Lanka 5,600,000 25.45% Colombo
85%
Ireland 1,450,000 20.64% Dublin
85%
Java 41,914,000 26.71% Jakarta
85%
North Island 1,600,000 39.33% Auckland
81%
Jamaica 670,000 22.70% Kingston
81%
Saint Vincent 25,000 23.00% Kingstown
81%
Great Britain 9,540,000 14.38% London
81%
Hokkaidō 1,950,000 37.41% Sapporo
81%
Oahu 350,000 34.45% Honolulu
78%
Salsette 21,058,000 88.77% Mumbai*
78%
Taiwan 4,000,000 16.75% New Taipei City
78%
Sicily 1,000,000 20.82% Palermo
78%
Puerto Rico 395,000 12.33% San Juan
78%
Madagascar 1,695,000 5.30% Antananarivo
74%
Malé 150,000 97.80% Malé
74%
Bahrain Island 157,000 14.33% Manama
74%
Iceland 140,000 37.33% Reykjavík
74%
São Tomé 70,000 40.70% São Tomé
74%
Zealand 1,350,000 56.05% Copenhagen
70%
Tasmania 240,000 44.28% Hobart
70%
Hong Kong Island 1,200,000 94.41% Hong Kong*
70%
Island of Montreal 1,780,000 88.36% Montreal
70%
Cyprus 330,000 26.03% Nicosia
70%
Mallorca 410,000 44.88% Palma
70%
Newfoundland 110,000 21.10% St. John's
70%
Barbados 110,000 39.34% Bridgetown
67%
South Island 388,000 30.89% Christchurch
67%
Bali 470,000 10.53% Denpasar
67%
Crete 175,000 28.08% Heraklion
67%
Sumatra 2,752,000 4.53% Medan
67%
New Providence 120,000 56.97% Nassau
67%
Kyūshū 2,600,000 21.06% Fukuoka
63%
Gran Canaria 380,000 44.55% Las Palmas
63%
Hawaii (island) 45,000 22.44% Hilo
59%
Santiago 150,000 51.67% Praia
59%
Luzon 2,936,000 4.56% Quezon City
59%
Abu Dhabi 140,000 49.92% Abu Dhabi*
56%
Sardinia 155,000 9.82% Cagliari
56%
Ibiza 50,000 32.70% Ibiza
56%
Cebu 1,000,000 22.83% Cebu City
52%
Mauritius 150,000 12.30% Port Louis
52%
Corsica 70,000 22.13% Ajaccio
48%
Saint Lucia 70,000 42.00% Castries
48%
Lagos Island 150,000 70.54% Lagos
48%
Phuket 150,000 28.57% Phuket
48%
São Luís 1,015,000 73.49% São Luís
48%
Viti Levu 165,000 24.91% Suva
48%
Xiamen Island 1,210,000 58.00% Xiamen*
48%
Mombasa 120,000 82.00% Mombasa*
44%
Okinawa Island 320,000 23.95% Naha
44%
Upolu 50,000 33.90% Apia
41%
Madeira 105,000 42.33% Funchal
41%
Hainan 2,900,000 28.76% Haikou
41%
Bioko 180,000 52.97% Malabo
41%
Rhodes 70,000 58.50% Rhodes
41%
Hispaniola 3,400,000 15.26% Santo Domingo
41%
Batam 1,200,000 104.0%* Batam
37%
Prince Edward Island 40,000 25.90% Charlottetown
37%
Mindanao 1,776,000 6.49% Davao City
37%
Guadalcanal 100,000 63.20% Honiara
37%
Île Jésus 110,000 25.14% Laval
37%
Sulawesi 2,000,000 9.73% Makassar
37%
Grande Comore 110,000 29.80% Moroni
37%
Curaçao 150,000 95.60% Willemstad
37%
Corfu 35,000 33.50% Corfu
33%
Grande Terre 90,000 36.33% Nouméa
33%
Funen 200,000 41.74% Odense
33%
Tahiti 130,000 73.00% Papeʻete
33%
Tenerife 220,000 23.71% Santa Cruz
33%
Penang Island 200,000 23.26% Central George Town
30%
Martinique 90,000 23.08% Fort-de-France
30%
Réunion 150,000 17.37% Saint-Denis
30%
Csepel Island 60,000 36.40% Budapest*
26%
New Guinea 410,000 3.38% Jayapura
26%
Jeju 270,000 43.46% Jeju City
26%
Aruba 30,000 29.00% Oranjestad
26%
IJsselmonde 63,000 20.09% Rotterdam*
26%
Sakhalin 160,000 33.94% Yuzhno-Sakhalinsk
26%
Hisingen 130,000 99.70% Gothenburg*
22%
Qeshm 120,000 80.60% Qeshm
22%
Jolo 120,000 22.64% Jolo
19%
São Miguel 50,000 36.80% Ponta Delgada
19%
Portsea Island 90,000 43.83% Portsmouth
19%
Cape Breton Island 113,000 41.70% Sydney
19%
Unguja (Zanzibar) 410,000 30.46% Zanzibar City
19%
Abadan Island 20,000 20.00% Abadan*
15%
Ambon 330,000 74.83% Ambon
15%
Chongming 700,000 113.7%* Chongming
15%
Geoje Island 150,000 62.04% Geoje
15%
Maui 40,000 24.30% Kahului
15%
Palawan 255,000 28.78% Puerto Princesa
15%
Ternate 80,000 43.10% Ternate
15%
Vitória 310,000 100% Vitória
15%
Trinidad 85,000 6.71% Chaguanas
11%
Dordrecht 45,000 37.90% Dordrecht
11%
Santa Catarina 420,000 100% Florianópolis
11%
Timor 450,000 14.14% Kupang
11%
Muharraq 50,000 26.50% Muharraq
11%
São Vicente 430,000 56.58% Santos
11%
Songzhou 20,000 18.80% Songzhou
11%
Jersey 32,000 30.70% St Helier
11%
Malta 30,000 20.74% St. Paul's Bay
11%
Zhongshan Island 1,150,000 38.27% Zhongshan
11%
Flevopolder 100,000 29.01% Almere
7%
Bengkalis 40,000 36.80% Bengkalis
7%
Bhola Island 500,000 28.43% Bhola
7%
Carmen, Campeche 200,000 117.9%* Ciudad del Carmen
7%
Dongchong 65,000 34.00% Dongchong
7%
Santo Amaro (Guarujá) 110,000 35.60% Guarujá
7%
Haizhu 1,819,000 100% Haizhu
7%
Panay 456,000 9.77% Iloilo City
7%
Jinshazhou 55,000 30.10% Jinsha
7%
Grande Terre 55,000 29.20% Mamoudzou
7%
Lombok 435,000 10.73% Mataram
7%
Shikoku 515,000 14.19% Matsuyama
7%
Borneo 890,000 3.75% Samarinda
7%
Sandwip 50,000 17.12% Sandwip
7%
Tarakan 120,000 62.00% Tarakan
7%
Tsing Yi 70,000 36.60% Tsing Yi Town
7%
Yangzhong 60,000 17.90% Yangzhong
7%
Yeongjongdo 35,000 35.00% Yeongjong
7%
Zhoushan 100,000 19.90% Zhoushan
7%
Lanzarote 60,000 38.40% Arrecife
4%
Buton 120,000 26.85% Baubau
4%
Chiloé 35,000 18.70% Castro
4%
Euboea 105,000 49.84% Chalcis
4%
Hatiya 55,000 18.85% Hatiya
4%
Basilan 110,000 23.94% Isabela
4%
Grande-Terre 55,000 27.83% Les Abymes
4%
Awaji 35,000 27.60% Minamiawaji
4%
Nansha 20,000 17.80% Nansha
4%
Bangka 250,000 21.79% Pangkalpinang
4%
Basse-Terre 45,000 24.10% Pointe-à-Pitre
4%
Margarita Island 110,000 22.46% Porlamar
4%
Fuerteventura 40,000 33.40% Puerto del Rosario
4%
Lulu Island 90,000 41.00% Richmond
4%
Isle of Wight 25,000 17.90% Ryde
4%
Vancouver Island 120,000 13.79% Saanich
4%
South Andaman Island 30,000 16.50% Srivijayapuram
4%
Belitung 45,000 17.15% Tanjung Pandan
4%
Bintan 200,000 60.63% Tanjungpinang
4%
Sumba 85,000 12.38% Waingapu
4%
Xiaoguwei 30,000 22.80% Xiaoguwei
4%
Yeong Island 100,000 68.90% Yeongdo
4%
Amager 75,000 33.23% Amager Vest
0%
Bougainville 45,000 19.21% Arawa
0%
Malaita 30,000 21.80% Auki
0%
Rote 25,000 20.80% Ba'a
0%
Negros 625,000 13.02% Bacolod
0%
Bantayan 40,000 29.20% Bantayan
0%
Peleng 15,000 13.70% Basiano
0%
Sumbawa 140,000 10.06% Bima
0%
Raghopur 40,000 17.17% Birpur
0%
Bến Tre 120,000 18.24% Bến Tre
0%
Marinduque 60,000 26.37% Boac
0%
Marajó 100,000 26.09% Breves
0%
Guimaras 45,000 27.60% Buenavista
0%
Idjwi 50,000 17.24% Bugarula
0%
Mindoro 120,000 9.02% Calapan
0%
Samar 220,000 12.57% Calbayog
0%
Nantai 210,000 17.96% Cangshan
0%
Bilu 30,000 24.50% Chaungzon
0%
Guam 45,000 29.30% Dededo
0%
Phú Quốc 40,000 38.80% Dương Đông
0%
Taipa 20,000 19.50% Freguesia de Nossa Senhora do Carmo
0%
Daishan 15,000 14.20% Gaoting
0%
Nias 120,000 15.87% Gunungsitoli
0%
Vendsyssel-Thy 60,000 20.32% Hjørring
0%
Djerba 60,000 43.00% Houmt Souk
0%
Governador Island 100,000 47.05% Jardim Guanabara
0%
Kinmen 50,000 39.00% Jincheng
0%
Alor 20,000 13.80% Kalabahi
0%
New Ireland 40,000 20.60% Kavieng
0%
New Britain 120,000 23.35% Kimbe
0%
Biak 60,000 53.20% Kota Biak
0%
Kutubdia 45,000 35.90% Kutubdia Upazila
0%
Vanua Levu 30,000 23.10% Labasa
0%
Mactan 420,000 89.05% Lapu-Lapu City
0%
Lembata 20,000 17.00% Lewoleba
0%
Masbate 100,000 14.15% Masbate City
0%
Seram 75,000 17.26% Masohi
0%
Flores 125,000 6.83% Maumere
0%
Maheshkhali 55,000 17.14% Moheshkhali
0%
Anjouan 60,000 19.57% Mutsamudu
0%
Buru 30,000 18.50% Namlea
0%
Ukerewe 55,000 15.94% Nansio
0%
Biliran 20,000 12.90% Naval
0%
Bushrod 55,000 23.44% New Kru Town
0%
Vypin 50,000 28.30% Njarakkal
0%
Tablas 30,000 19.00% Odiongan
0%
Isla Grande de Tierra del Fuego 25,000 14.50% Porvenir
0%
Muna 50,000 18.34% Raha
0%
Majuli 25,000 14.90% Ratanpur Miri Gaon
0%
Madura 230,000 5.53% Sampang
0%
Shamian 20,000 12.40% Shamian
0%
Voorne-Putten 80,000 23.50% Spijkenisse
0%
Srirangam 30,000 25.00% Srirangam
0%
Leyte 260,000 9.90% Tacloban
0%
Bohol 100,000 8.26% Tagbilaran
0%
Pingtan 60,000 16.78% Tancheng
0%
Halmahera 80,000 17.77% Tobelo
0%
Södertörn 75,000 9.41% Tumba
0%
Lantau Island 50,000 47.60% Tung Chung New Town
0%
Vasilievsky Island 180,000 88.89% Vasileostrovsky
0%
Pemba 90,000 22.14% Wete
0%
No matching quizzes found
Score Distribution
Percent of People with Each Score
Percentile by Number Answered
Your Score History
You have not taken this quiz